000 01097nam a2200205 4500
999 _c121095
_d121095
001 K121095
007 ta
008 190815b2019 ||||| |||| 00| 0 eng d
041 _aeng
100 _aHanney, Megan
245 _aBlocks away
490 _aRICS Property Journal
_vMay/June 2019, 28- 30 (3)
520 _aDiscusses the findings of research undertaken by Nottingham Trent University into blockchain's impact on commercial real estate highlighting barriers and potential solutions. Key advantages of blockchain are transparency, data security, analytical capabilities and increased liquidity. Suggests that barriers within commercial real estate sector are culture, lack of expertise and reluctance to adopt technical innovation. Summarises research findings and progress made by key players in developing block chain including RICS, CPRE, Savills and Land Registry.
650 _aBig data
650 _aData management
651 _aUnited Kingdom 1973
690 _96274
_aPropTech
856 _uhttps://issuu.com/ricsmodus/docs/property_journal-may-june_2019-rics/60
942 _2ddc